[Event "Africa-ch Amateurs U2300"]
[Site "Bujumbura"]
[Date "2024.07.25"]
[Round "6"]
[White "Nsubuga, Haruna"]
[Black "Mutabazi, Hugues"]
[Result "1-0"]
[WhiteElo "2216"]
[BlackElo "1804"]
[PlyCount "37"]
[EventDate "2024.07.23"]
[EventType "swiss"]
[EventRounds "9"]
[EventCountry "BRI"]
[SourceTitle "EXT 2025"]
[Source "ChessBase"]
[SourceDate "2024.10.14"]
[SourceVersion "1"]
[SourceVersionDate "2024.10.14"]
[SourceQuality "1"]

1. e4 e5 2. Nf3 Nf6 3. Bc4 Bc5 4. c3 Nc6 5. d4 exd4 6. e5 Ne4 7. cxd4 Bb4+ 8. Bd2 Nxd2 9. Nbxd2 d5 10. Bb5 0-0 11. 0-0 Ne7 12. Qa4 c5 13. dxc5 Bxc5 14. Nb3 Bb6 15. Nbd4 Nf5 16. Rac1 Qe7 17. Rxc8 Raxc8 18. Nxf5 Qe6 19. Bd7 1-0

[Event "Olympiad-44"]
[Site "Chennai"]
[Date "2022.08.06"]
[Round "8.2"]
[White "Mutabazi, Hugues"]
[Black "Knowles, Kendrick"]
[Result "0-1"]
[WhiteElo "1666"]
[BlackElo "1907"]
[PlyCount "46"]
[EventDate "2022.07.29"]
[EventType "team-swiss"]
[EventRounds "11"]
[EventCountry "IND"]
[SourceTitle "CBM 210"]
[Source "ChessBase"]
[SourceDate "2022.10.31"]
[SourceVersion "1"]
[SourceVersionDate "2022.10.31"]
[SourceQuality "1"]
[WhiteTeam "Burundi"]
[BlackTeam "Bahamas"]
[WhiteTeamCountry "BRI"]
[BlackTeamCountry "BAH"]

1. e4 d5 2. exd5 Nf6 3. d4 Nxd5 4. c4 Nb6 5. Nc3 e5 6. d5 Bb4 7. Qc2 c6 8. a3 Bxc3+ 9. Qxc3 0-0 10. dxc6 Nxc6 11. Be3 Bg4 12. Be2 Qh4 13. Bxb6 axb6 14. h3 Bxe2 15. Nxe2 Qe4 16. Kf1 Rfd8 17. f3 Qh4 18. g3 Qg5 19. Kf2 Qd2 20. Rac1 Rd3 21. Rc2 Qe3+ 22. Kg2 Qxf3+ 23. Kh2 Qf2# 0-1

[Event "Olympiad-44"]
[Site "Chennai"]
[Date "2022.08.05"]
[Round "7.3"]
[White "Arnold, Smith"]
[Black "Mutabazi, Hugues"]
[Result "0-1"]
[WhiteElo "1931"]
[BlackElo "1666"]
[PlyCount "130"]
[EventDate "2022.07.29"]
[EventType "team-swiss"]
[EventRounds "11"]
[EventCountry "IND"]
[SourceTitle "CBM 210"]
[Source "ChessBase"]
[SourceDate "2022.10.31"]
[SourceVersion "1"]
[SourceVersionDate "2022.10.31"]
[SourceQuality "1"]
[WhiteTeam "Liberia"]
[BlackTeam "Burundi"]
[WhiteTeamCountry "LBR"]
[BlackTeamCountry "BRI"]

1. e4 e5 2. Nf3 Nf6 3. d4 Nxe4 4. Bd3 d5 5. Nxe5 Nf6 6. 0-0 Be7 7. Re1 0-0 8. Nd2 Nbd7 9. Ndf3 h6 10. h3 Re8 11. c4 c6 12. a3 Nxe5 13. dxe5 Nd7 14. cxd5 cxd5 15. Bb5 a6 16. Ba4 b5 17. Bb3 Nb6 18. Be3 Nc4 19. Bd4 Be6 20. Qd3 Rc8 21. Rad1 Qc7 22. Re2 Red8 23. h4 Qd7 24. Bc2 g6 25. Qb3 Kg7 26. h5 Qe8 27. hxg6 fxg6 28. Bd3 Qf7 29. Bxc4 dxc4 30. Qe3 Rd7 31. Red2 Kh7 32. Bc3 Bc5 33. Qe4 Rxd2 34. Rxd2 Bf5 35. Qh4 Qe7 36. Qg3 Rf8 37. Nh4 Bd3 38. Kh2 Qf7 39. Nf3 g5 40. Nd4 Qa7 41. Rxd3 Rd8 42. Rd1 Bxd4 43. Qf3 Bb6 44. Qf5+ Kg8 45. Rd6 Rxd6 46. exd6 Qf7 47. Qe5 Qf4+ 48. Qxf4 gxf4 49. Be5 Kf7 50. Bxf4 Bxf2 51. Bxh6 Bd4 52. Bc1 Ke6 53. g3 Kxd6 54. Kg2 Kd5 55. Kf3 Be5 56. g4 Kd4 57. Ke2 Ke4 58. Kd1 Kd3 59. g5 a5 60. g6 Bg7 61. Bg5 Bxb2 62. Bh6 c3 63. Bc1 c2+ 64. Ke1 Bxc1 65. g7 Be3 0-1